[Event "Tunja Boyacense op"]
[Site "Tunja"]
[Date "2018.12.16"]
[Round "6"]
[White "Silva Suna, Juan Esteban"]
[Black "Pereira Vera, Henry Alberto"]
[Result "1-0"]
[WhiteElo "1755"]
[BlackElo "1865"]
[PlyCount "66"]
[EventDate "2018.12.13"]
[EventType "swiss"]
[EventRounds "7"]
[EventCountry "COL"]
[SourceTitle "CBM 187 Extra"]
[Source "ChessBase"]
[SourceDate "2018.11.04"]
[SourceVersion "1"]
[SourceVersionDate "2018.11.04"]
[SourceQuality "1"]

1. d4 Nf6 2. Bf4 c5 3. e3 Nd5 4. Bg3 Qb6 5. Nc3 Nxc3 6. bxc3 Qa5 7. Qd2 d6 8. Nf3 g6 9. Bc4 Bg7 10. 0-0 0-0 11. h3 Nd7 12. Rfe1 Nb6 13. Bf1 Be6 14. Reb1 Rac8 15. a4 cxd4 16. exd4 Qxc3 17. Qxc3 Rxc3 18. a5 Nd5 19. Rxb7 Bf5 20. Rxa7 Rxf3 21. gxf3 Bxd4 22. Rd1 Bxa7 23. Rxd5 Bxc2 24. Rb5 Rb8 25. Rxb8+ Bxb8 26. Bb5 f6 27. Bf4 e5 28. Bc4+ Kf8 29. Be3 Ba4 30. Bd5 Bb5 31. Bb7 d5 32. Bxd5 Ba6 33. Bc5+ Ke8 1-0

[Event "Tunja Boyacense op"]
[Site "Tunja"]
[Date "2018.12.15"]
[Round "4"]
[White "Silva Suna, Juan Esteban"]
[Black "Garzon Ladino, Juan Alexander"]
[Result "1-0"]
[WhiteElo "1755"]
[BlackElo "1471"]
[PlyCount "48"]
[EventDate "2018.12.13"]
[EventType "swiss"]
[EventRounds "7"]
[EventCountry "COL"]
[SourceTitle "CBM 187 Extra"]
[Source "ChessBase"]
[SourceDate "2018.11.04"]
[SourceVersion "1"]
[SourceVersionDate "2018.11.04"]
[SourceQuality "1"]

1. d4 Nf6 2. Bf4 e6 3. e3 d5 4. Nf3 c5 5. c3 Nc6 6. Nbd2 c4 7. Be2 Be7 8. h3 h6 9. 0-0 0-0 10. Rb1 a6 11. Re1 Re8 12. Bf1 Bd6 13. Qc2 Bxf4 14. exf4 Qc7 15. Ne5 Nxe5 16. fxe5 Nd7 17. f4 f6 18. Qg6 Qd8 19. b3 b5 20. a4 Nf8 21. Qh5 Kh7 22. exf6 gxf6 23. bxc4 bxc4 24. Qf7+ Kh8 1-0

[Event "Tunja Liga Boyaca"]
[Site "Tunja"]
[Date "2017.12.16"]
[Round "4.10"]
[White "Fonseca Pinto, Carlos Arturo"]
[Black "Silva Suna, Juan Esteban"]
[Result "1/2-1/2"]
[WhiteElo "2080"]
[BlackElo "1763"]
[PlyCount "73"]
[EventDate "2017.12.14"]
[EventType "swiss"]
[EventRounds "7"]
[EventCountry "COL"]
[SourceTitle "EXT 2024"]
[Source "ChessBase"]
[SourceDate "2023.10.10"]
[SourceVersion "1"]
[SourceVersionDate "2023.10.10"]
[SourceQuality "1"]

1. e4 c5 2. Nf3 e6 3. d4 cxd4 4. Nxd4 a6 5. Nc3 Qc7 6. a3 Nf6 7. Bg5 Be7 8. f4 d6 9. Qf3 h6 10. Bh4 Nxe4 11. Bxe7 Nxc3 12. Bxd6 Qxd6 13. Qxc3 0-0 14. Qe3 Rd8 15. 0-0-0 Nc6 16. c3 b5 17. Be2 Qc5 18. Nc2 Qxe3+ 19. Nxe3 Bb7 20. Bf3 Na5 21. Bxb7 Nxb7 22. Kc2 Kf8 23. Rhe1 Rac8 24. f5 Nc5 25. fxe6 Nxe6 26. Nf5 h5 27. Nd6 Rc6 28. Nb7 Rxd1 29. Rxd1 Ke7 30. b4 Rb6 31. Na5 Rd6 32. Rd3 g6 33. g3 f6 34. c4 bxc4 35. Nxc4 Rd4 36. Kc3 Rxd3+ 37. Kxd3 1/2-1/2

[Event "Tunja Liga Boyaca"]
[Site "Tunja"]
[Date "2017.12.15"]
[Round "3.25"]
[White "Jimenez Torres, Jose Mauricio"]
[Black "Silva Suna, Juan Esteban"]
[Result "0-1"]
[WhiteElo "1600"]
[BlackElo "1763"]
[PlyCount "48"]
[EventDate "2017.12.14"]
[EventType "swiss"]
[EventRounds "7"]
[EventCountry "COL"]
[SourceTitle "EXT 2024"]
[Source "ChessBase"]
[SourceDate "2023.10.10"]
[SourceVersion "1"]
[SourceVersionDate "2023.10.10"]
[SourceQuality "1"]

1. e4 Nf6 2. f3 Nc6 3. Nc3 d6 4. Be2 e6 5. Bb5 Be7 6. d4 0-0 7. Nge2 g5 8. Bxg5 Nh5 9. Bh6 Bg5 10. Bxg5 Qxg5 11. 0-0 Qe3+ 12. Kh1 e5 13. Bxc6 bxc6 14. dxe5 dxe5 15. b3 Be6 16. f4 exf4 17. Nxf4 Nxf4 18. Rf3 Qc5 19. Rxf4 f5 20. exf5 Rxf5 21. Rxf5 Bxf5 22. Qf3 Rf8 23. Qd5+ cxd5 24. Nxd5 Qxd5 0-1

[Event "COL-ch Superate fin-B"]
[Site "Bogota"]
[Date "2016.11.17"]
[Round "5.9"]
[White "Diaz, Camilo Andres"]
[Black "Silva Suna, Juan Esteban"]
[Result "0-1"]
[WhiteElo "1667"]
[BlackElo "1733"]
[PlyCount "92"]
[EventDate "2016.11.15"]
[EventType "swiss"]
[EventRounds "5"]
[EventCountry "COL"]
[SourceTitle "EXT 2024"]
[Source "ChessBase"]
[SourceDate "2023.10.10"]
[SourceVersion "1"]
[SourceVersionDate "2023.10.10"]
[SourceQuality "1"]

1. e4 c5 2. Bc4 e6 3. Nc3 a6 4. a4 b6 5. d3 Qc7 6. Qf3 Nc6 7. Nge2 Ne5 8. Qg3 d6 9. Bb3 Nf6 10. Bg5 Be7 11. Nf4 h5 12. Bh4 g6 13. Bg5 h4 14. Bxh4 Nxe4 15. Nxe4 Bxh4 16. Qe3 d5 17. Ng3 Bb7 18. Qe2 0-0-0 19. 0-0 Nc6 20. Nh3 Nd4 21. Qd1 f5 22. c3 Nxb3 23. Qxb3 g5 24. Ne2 e5 25. f3 c4 26. Qc2 cxd3 27. Qxd3 e4 28. Qc2 d4 29. Nxd4 Rxd4 30. cxd4 Qxc2 31. Rac1 Qxc1 32. Rxc1+ Kd7 33. fxe4 Bxe4 34. g3 Bxg3 35. Nxg5 Bf4 36. Nf7 Rg8+ 37. Kf1 Bxc1 38. Ne5+ Ke6 39. Nc4 Bd3+ 40. Kf2 Bxc4 41. b4 Bd5 42. h3 Rg2+ 43. Kf1 Bf3 44. a5 Be3 45. d5+ Kxd5 46. axb6 Rg1# 0-1

[Event "COL-ch Superate fin-B"]
[Site "Bogota"]
[Date "2016.11.16"]
[Round "3.1"]
[White "Quinonez Garcia, Santiago"]
[Black "Silva Suna, Juan Esteban"]
[Result "1-0"]
[WhiteElo "2184"]
[BlackElo "1733"]
[PlyCount "57"]
[EventDate "2016.11.15"]
[EventType "swiss"]
[EventRounds "5"]
[EventCountry "COL"]
[SourceTitle "EXT 2024"]
[Source "ChessBase"]
[SourceDate "2023.10.10"]
[SourceVersion "1"]
[SourceVersionDate "2023.10.10"]
[SourceQuality "1"]

1. e4 c5 2. Nf3 e6 3. d4 cxd4 4. Nxd4 a6 5. Bd3 Qc7 6. 0-0 Nf6 7. Qe2 Nc6 8. Nxc6 bxc6 9. e5 Nd5 10. a3 Bb7 11. c4 Nb6 12. Nd2 c5 13. f4 Be7 14. Ne4 Rb8 15. Kh1 Bc6 16. f5 Rb7 17. f6 gxf6 18. exf6 Bf8 19. Bf4 Qc8 20. Nd6+ Bxd6 21. Bxd6 Na4 22. b4 Qa8 23. Qg4 Kd8 24. Qg7 Re8 25. Qxf7 Bxg2+ 26. Kg1 Rb6 27. Qxe8+ Kxe8 28. f7+ Kd8 29. f8Q# 1-0

[Event "COL-ch U16 m sf1"]
[Site "Ibague"]
[Date "2016.04.16"]
[Round "4.5"]
[White "Silva Suna, Juan Esteban"]
[Black "Rativa Jimenez, Cesar Daniel"]
[Result "1-0"]
[WhiteElo "1735"]
[BlackElo "1489"]
[PlyCount "65"]
[EventDate "2016.04.14"]
[EventType "swiss"]
[EventRounds "6"]
[EventCountry "COL"]
[SourceTitle "EXT 2024"]
[Source "ChessBase"]
[SourceDate "2023.10.10"]
[SourceVersion "1"]
[SourceVersionDate "2023.10.10"]
[SourceQuality "1"]

1. d4 d5 2. Bf4 Nf6 3. e3 e6 4. Nf3 c5 5. c3 Be7 6. Nbd2 Nbd7 7. Bd3 c4 8. Bc2 a6 9. h3 h6 10. 0-0 b6 11. Re1 Bb7 12. Ne5 Nxe5 13. Bxe5 Bd6 14. Nf3 Bxe5 15. Nxe5 Nd7 16. f4 Nxe5 17. fxe5 Qe7 18. Rf1 0-0-0 19. b3 g5 20. Rf6 Rdf8 21. Qh5 Bc6 22. Raf1 Be8 23. b4 a5 24. a3 a4 25. e4 b5 26. exd5 exd5 27. Bf5+ Kb7 28. Qf3 Ka7 29. Qxd5 Qb7 30. Qc5+ Ka8 31. Rb6 Qxb6 32. Qxb6 h5 33. Be4+ 1-0

[Event "Central Region-ch U16 Integrada"]
[Site "Villavicencio"]
[Date "2015.04.23"]
[Round "2.4"]
[White "Silva Suna, Juan Esteban"]
[Black "Perez Torres, Sergio Daniel"]
[Result "1-0"]
[WhiteElo "1737"]
[BlackElo "1581"]
[PlyCount "41"]
[EventDate "2015.04.23"]
[EventType "swiss"]
[EventRounds "5"]
[EventCountry "COL"]
[SourceTitle "EXT 2024"]
[Source "ChessBase"]
[SourceDate "2023.10.10"]
[SourceVersion "1"]
[SourceVersionDate "2023.10.10"]
[SourceQuality "1"]

1. c4 e5 2. e4 Bc5 3. Nc3 Nc6 4. d3 d6 5. g3 Nge7 6. Bg2 0-0 7. Nge2 f5 8. 0-0 Ng6 9. exf5 Bxf5 10. Ne4 Bb6 11. N2c3 Qd7 12. Be3 Bh3 13. Bxb6 axb6 14. Ng5 Bxg2 15. Kxg2 Rf5 16. Nge4 Nd4 17. Nd5 Ra6 18. Qg4 c6 19. Ndf6+ gxf6 20. Nxf6+ Rxf6 21. Qxd7 1-0

[Event "Central America & Caribbean U14"]
[Site "Palmira"]
[Date "2014.10.07"]
[Round "7.12"]
[White "Silva Suna, Juan Esteban"]
[Black "Gomez Perez, Jaidor S"]
[Result "1-0"]
[WhiteElo "1717"]
[BlackElo "1765"]
[PlyCount "99"]
[EventDate "2014.10.04"]
[EventType "swiss"]
[EventRounds "9"]
[EventCountry "COL"]
[SourceTitle "EXT 2024"]
[Source "ChessBase"]
[SourceDate "2023.10.10"]
[SourceVersion "1"]
[SourceVersionDate "2023.10.10"]
[SourceQuality "1"]

1. d4 d5 2. Bf4 Bf5 3. c4 dxc4 4. Nc3 Nf6 5. e3 e6 6. Bxc4 c6 7. Nf3 Nbd7 8. 0-0 Nb6 9. Be2 Nbd5 10. Be5 Nd7 11. Bg3 f6 12. Rc1 Nxc3 13. bxc3 Ba3 14. Nh4 Bxc1 15. Nxf5 exf5 16. Qxc1 Nb6 17. Bd3 g6 18. e4 fxe4 19. Bxe4 Qd7 20. Re1 0-0 21. Qh6 Rfe8 22. f3 f5 23. Bd3 Rxe1+ 24. Bxe1 Re8 25. Bd2 Qg7 26. Qh4 Qe7 27. Qg3 Qe6 28. h4 Qxa2 29. Qg5 Qf7 30. h5 Qg7 31. g4 gxh5 32. Qxh5 Qg6 33. Qh4 Qf7 34. Bxf5 Qe7 35. Qh5 Ra8 36. Qh6 Rf8 37. Be6+ Kh8 38. Bg5 Qg7 39. Qh5 Qc7 40. Bf6+ Rxf6 41. Qe8+ Kg7 42. Qg8+ Kh6 43. g5+ Kh5 44. gxf6 Qf4 45. Qxh7+ Kg5 46. Qg7+ Kh5 47. f7 Qc1+ 48. Kg2 Qd2+ 49. Kh3 Qe1 50. Bg4# 1-0

[Event "COL-ch U14"]
[Site "Bogota"]
[Date "2014.05.30"]
[Round "2"]
[White "Calderon Zuta, Nicolas"]
[Black "Silva Suna, Juan Esteban"]
[Result "0-1"]
[WhiteElo "1631"]
[BlackElo "1708"]
[PlyCount "96"]
[EventDate "2014.05.29"]
[EventType "swiss"]
[EventRounds "7"]
[EventCountry "COL"]
[SourceTitle "CBM 160 Extra"]
[Source "ChessBase"]
[SourceDate "2014.07.01"]
[SourceVersion "1"]
[SourceVersionDate "2014.07.01"]
[SourceQuality "1"]

1. e4 c5 2. Nf3 e6 3. d4 cxd4 4. Nxd4 a6 5. Nc3 Qc7 6. Bd3 Nf6 7. 0-0 g6 8. Kh1 Bg7 9. Nb3 Nc6 10. f4 d6 11. Be3 0-0 12. a4 b6 13. Qe2 Bb7 14. a5 bxa5 15. Na4 Nd7 16. Qf2 Rab8 17. Ba7 Nxa7 18. Qxa7 Ra8 19. Qe3 Bc6 20. Rfb1 Rfb8 21. Ra2 Bb5 22. Qd2 Bxd3 23. Qxd3 Rb5 24. Rd1 Nc5 25. Naxc5 dxc5 26. c4 Rb4 27. e5 a4 28. Nd2 Bh6 29. Nf3 Rab8 30. Qe4 Qb7 31. Qxb7 R8xb7 32. Rd8+ Kg7 33. g3 Rxc4 34. Nd2 Rc2 35. Ne4 g5 36. fxg5 Bxg5 37. Nxg5 Rbxb2 38. Rxb2 Rxb2 39. Rd3 Rb3 40. Rd1 a3 41. Ra1 c4 42. Ne4 c3 43. Nc5 Rb5 44. Na4 c2 45. Nc3 Rb2 46. Rc1 a2 47. Kg2 a1Q 48. Rxa1 c1Q+ 0-1

[Event "Bogota District U14"]
[Site "Bogota"]
[Date "2013.04.07"]
[Round "5.5"]
[White "Silva Suna, Juan Esteban"]
[Black "Ribero, Guillermo Andres"]
[Result "0-1"]
[WhiteElo "1739"]
[BlackElo "1783"]
[PlyCount "92"]
[EventDate "2013.04.04"]
[EventType "swiss"]
[EventRounds "6"]
[EventCountry "COL"]
[SourceTitle "EXT 2024"]
[Source "ChessBase"]
[SourceDate "2023.10.10"]
[SourceVersion "1"]
[SourceVersionDate "2023.10.10"]
[SourceQuality "1"]

1. e4 c5 2. Nf3 Nc6 3. c4 e6 4. Nc3 a6 5. d4 cxd4 6. Nxd4 Bc5 7. Be3 Qb6 8. Na4 Qa5+ 9. Bd2 Bb4 10. Nxc6 dxc6 11. Nc3 Qe5 12. f3 Nf6 13. a3 Bc5 14. Na4 Bd4 15. Bc3 Bxc3+ 16. Nxc3 Bd7 17. Qd2 0-0 18. Be2 c5 19. Rd1 Rad8 20. 0-0 Qc7 21. Qe3 Kh8 22. e5 Ng8 23. f4 Ne7 24. Bd3 b6 25. Qe4 Nf5 26. Qe1 Nd4 27. Qh4 h6 28. Ne4 Nf5 29. Qh5 g6 30. Qh3 Kg7 31. g4 Ne7 32. Qh4 Ng8 33. g5 h5 34. Nf6 Ne7 35. Nxh5+ gxh5 36. Qxh5 Rh8 37. Qg4 Bc6 38. h4 Rd4 39. h5 Qxe5 40. h6+ Kf8 41. h7 Qe3+ 42. Rf2 Rxd3 43. Rxd3 Qxd3 44. Qh5 Qg3+ 45. Kf1 Qd3+ 46. Kg1 Qg3+ 0-1

[Event "Bogota District U14"]
[Site "Bogota"]
[Date "2013.04.06"]
[Round "4.3"]
[White "Morantes Maldonado, Hans Mateo"]
[Black "Silva Suna, Juan Esteban"]
[Result "1-0"]
[WhiteElo "1820"]
[BlackElo "1739"]
[PlyCount "35"]
[EventDate "2013.04.04"]
[EventType "swiss"]
[EventRounds "6"]
[EventCountry "COL"]
[SourceTitle "EXT 2024"]
[Source "ChessBase"]
[SourceDate "2023.10.10"]
[SourceVersion "1"]
[SourceVersionDate "2023.10.10"]
[SourceQuality "1"]

1. e4 c5 2. Nf3 e6 3. d4 cxd4 4. Nxd4 a6 5. Nc3 Qc7 6. Bd3 Nf6 7. Qe2 b5 8. Be3 Bb7 9. f3 Nc6 10. 0-0 Bc5 11. Nxc6 Bxe3+ 12. Qxe3 Bxc6 13. a3 0-0 14. e5 Nd5 15. Nxd5 Bxd5 16. Be4 Qxe5 17. Bxh7+ Kxh7 18. Qxe5 1-0

[Event "Bogota McGregor op 3rd"]
[Site "Bogota"]
[Date "2012.12.15"]
[Round "7"]
[White "Silva Suna, Juan Esteban"]
[Black "Gonzalez Ahumada, Andres Javier"]
[Result "1-0"]
[WhiteElo "1733"]
[BlackElo "1912"]
[PlyCount "71"]
[EventDate "2012.12.12"]
[EventType "swiss"]
[EventRounds "9"]
[EventCountry "COL"]
[SourceTitle "EXT 2014"]
[Source "ChessBase"]
[SourceDate "2013.11.20"]
[SourceVersion "1"]
[SourceVersionDate "2013.11.20"]
[SourceQuality "1"]

1. e4 e5 2. Nf3 Nc6 3. Bb5 a6 4. Ba4 Nf6 5. d3 b5 6. Bb3 Be7 7. c3 d6 8. h3 0-0 9. 0-0 Na5 10. Bc2 c5 11. Nbd2 Qc7 12. Re1 Be6 13. Nf1 Rad8 14. Ng3 c4 15. d4 Nb7 16. Nh2 a5 17. a3 Ra8 18. Be3 h6 19. d5 Bd7 20. f4 Rfe8 21. f5 Nc5 22. Bd2 Qb6 23. Be3 Qc7 24. Ng4 Nh7 25. Rf1 Bf6 26. Nh5 Qd8 27. Nhxf6+ Nxf6 28. Nxf6+ Qxf6 29. Rf3 Rac8 30. Rg3 Kh8 31. Qh5 Kg8 32. Bxh6 g6 33. fxg6 Rf8 34. gxf7+ Kh8 35. Bxf8+ Qh6 36. Qxh6# 1-0

[Event "Bogota McGregor op 3rd"]
[Site "Bogota"]
[Date "2012.12.12"]
[Round "2"]
[White "Silva Suna, Juan Esteban"]
[Black "Lizarazo, Juan Carlos"]
[Result "0-1"]
[WhiteElo "1733"]
[BlackElo "2106"]
[PlyCount "92"]
[EventDate "2012.12.12"]
[EventType "swiss"]
[EventRounds "9"]
[EventCountry "COL"]
[SourceTitle "EXT 2014"]
[Source "ChessBase"]
[SourceDate "2013.11.20"]
[SourceVersion "1"]
[SourceVersionDate "2013.11.20"]
[SourceQuality "1"]

1. e4 d6 2. d4 Nf6 3. Nc3 g6 4. Be3 Bg7 5. Nf3 c6 6. Be2 Qa5 7. 0-0 Bg4 8. Qd2 Bxf3 9. Bxf3 Nbd7 10. Rad1 0-0 11. a3 Rfc8 12. h3 Qd8 13. Be2 c5 14. d5 a6 15. f4 b5 16. Bf3 b4 17. axb4 cxb4 18. Na4 Rab8 19. b3 Ne8 20. Bd4 Bxd4+ 21. Qxd4 Rxc2 22. Qd3 Ra2 23. Qxa6 Nc5 24. Qc6 Nxb3 25. Qc4 Rxa4 26. Qxb3 Ra3 27. Qc4 Qb6+ 28. Qd4 Qxd4+ 29. Rxd4 b3 30. Rb1 b2 31. Rd2 Rab3 32. Bd1 R3b4 33. Bf3 Nf6 34. e5 Nd7 35. Bg4 Nc5 36. exd6 exd6 37. f5 Na4 38. Rc2 h5 39. Bf3 Kg7 40. fxg6 fxg6 41. Rc7+ Kh6 42. Bd1 Rd4 43. Bxa4 Rxa4 44. Rc2 Ra1 45. Rcxb2 Rxb1+ 46. Rxb1 Rxb1+ 0-1

[Event "COL-ch U12"]
[Site "Yopal"]
[Date "2012.06.17"]
[Round "9"]
[White "Gomez Perez, Jaidor S"]
[Black "Silva Suna, Juan Esteban"]
[Result "1/2-1/2"]
[WhiteElo "1857"]
[BlackElo "1797"]
[PlyCount "75"]
[EventDate "2012.06.13"]
[EventType "tourn"]
[EventRounds "9"]
[EventCountry "COL"]
[SourceTitle "EXT 2014"]
[Source "ChessBase"]
[SourceDate "2013.11.20"]
[SourceVersion "1"]
[SourceVersionDate "2013.11.20"]
[SourceQuality "1"]

1. e4 c5 2. Nf3 e6 3. d4 cxd4 4. Nxd4 a6 5. c4 Qc7 6. Nc3 Nf6 7. a3 b6 8. Be3 Bb7 9. Bd3 Nc6 10. Rc1 Be7 11. 0-0 0-0 12. b4 Rac8 13. f4 d6 14. b5 Nxd4 15. Bxd4 e5 16. Be3 a5 17. Nd5 Bxd5 18. cxd5 Qb7 19. Qf3 Nd7 20. a4 Rxc1 21. Rxc1 Rc8 22. Rc6 f6 23. Qh3 Rc7 24. Be2 exf4 25. Bxf4 Ne5 26. Bxe5 fxe5 27. Qc3 Rxc6 28. Qxc6 Qxc6 29. bxc6 Bd8 30. h4 Kf8 31. g4 Ke8 32. Bb5 Bc7 33. Kg2 h6 34. g5 hxg5 35. Kg3 gxh4+ 36. Kxh4 Ke7 37. Kg5 g6 38. Kxg6 1/2-1/2

[Event "COL-ch U12"]
[Site "Yopal"]
[Date "2012.06.14"]
[Round "2"]
[White "Polanco, Brayan Arley"]
[Black "Silva Suna, Juan Esteban"]
[Result "1-0"]
[WhiteElo "1794"]
[BlackElo "1797"]
[PlyCount "68"]
[EventDate "2012.06.13"]
[EventType "tourn"]
[EventRounds "9"]
[EventCountry "COL"]
[SourceTitle "EXT 2014"]
[Source "ChessBase"]
[SourceDate "2013.11.20"]
[SourceVersion "1"]
[SourceVersionDate "2013.11.20"]
[SourceQuality "1"]

1. c4 c6 2. Nc3 Nf6 3. Nf3 e6 4. d4 d5 5. Bg5 Be7 6. e3 Nbd7 7. Be2 0-0 8. 0-0 Re8 9. Bd3 h6 10. Bxf6 Nxf6 11. e4 Bb4 12. e5 Nd7 13. cxd5 cxd5 14. Bc2 Qc7 15. Qd3 f5 16. exf6 Nxf6 17. Rac1 Bxc3 18. Ba4 Bd7 19. Rxc3 Qd6 20. Bxd7 Nxd7 21. Rfc1 Nb6 22. Qg6 Rf8 23. Rc7 Nd7 24. Ne5 Rad8 25. Rxb7 Rc8 26. Rxc8 Rxc8 27. g3 Rc7 28. Rxc7 Qxc7 29. Qxe6+ Kh8 30. Qe8+ Kh7 31. Qg6+ Kg8 32. Qf7+ Kh8 33. Nxd7 Qc1+ 34. Kg2 Qg5 1-0

[Event "COL-ch U12"]
[Site "Yopal"]
[Date "2012.06.13"]
[Round "1"]
[White "Silva Suna, Juan Esteban"]
[Black "Perez V, Juan Esteban"]
[Result "0-1"]
[WhiteElo "1797"]
[BlackElo "1651"]
[PlyCount "108"]
[EventDate "2012.06.13"]
[EventType "tourn"]
[EventRounds "9"]
[EventCountry "COL"]
[SourceTitle "EXT 2014"]
[Source "ChessBase"]
[SourceDate "2013.11.20"]
[SourceVersion "1"]
[SourceVersionDate "2013.11.20"]
[SourceQuality "1"]

1. e4 c5 2. Nf3 d6 3. d4 cxd4 4. Nxd4 Nf6 5. Nc3 a6 6. Be2 Nbd7 7. 0-0 Qc7 8. Be3 Nc5 9. f3 b5 10. a3 Bb7 11. Re1 e6 12. Qd2 Be7 13. Rad1 0-0 14. b4 Ncd7 15. Rc1 Ne5 16. Nb3 Rac8 17. Nd1 Nc4 18. Bxc4 Qxc4 19. Na5 Qc7 20. Nxb7 Qxb7 21. Nb2 d5 22. exd5 Qxd5 23. Qf2 Qa2 24. Nd3 Qxa3 25. Ra1 Qc3 26. Nc5 Qxb4 27. Nxa6 Qc3 28. Rec1 Ra8 29. Bd2 Qe5 30. Re1 Qb2 31. c3 Nd5 32. Reb1 Qc2 33. Rxb5 Nxc3 34. Rc1 Qa4 35. Rxc3 Rxa6 36. Rcb3 Rc6 37. Kh1 Qa2 38. h3 Rc1+ 39. Kh2 Bd6+ 40. g3 Rc2 41. Rd3 Qc4 42. Rbb3 Bb4 43. Rxb4 Qxd3 44. Rd4 Qb3 45. h4 h6 46. Qe2 Qa2 47. Qd3 Rcc8 48. Kh3 Qa1 49. Kg2 Rb8 50. Bc3 Qa2+ 51. Kh3 Qb1 52. Qe3 Rfc8 53. Rd7 Rb3 54. Rd3 Qc2 0-1

[Event "Central Region-ch U12"]
[Site "Villavicencio"]
[Date "2012.05.21"]
[Round "6.1"]
[White "Velasquez, Angie Gabriela"]
[Black "Silva Suna, Juan Esteban"]
[Result "0-1"]
[WhiteElo "1989"]
[BlackElo "1797"]
[PlyCount "56"]
[EventDate "2012.05.18"]
[EventType "swiss"]
[EventRounds "6"]
[EventCountry "COL"]
[SourceTitle "EXT 2024"]
[Source "ChessBase"]
[SourceDate "2023.10.10"]
[SourceVersion "1"]
[SourceVersionDate "2023.10.10"]
[SourceQuality "1"]

1. e4 c5 2. Nf3 e6 3. d4 cxd4 4. Nxd4 a6 5. Nc3 Qc7 6. Be3 Bb4 7. Bd2 Nf6 8. Bd3 Nc6 9. Nb3 0-0 10. a3 Be7 11. Qe2 Re8 12. Qf3 Ne5 13. Qg3 Bd6 14. 0-0-0 b5 15. f4 Nxd3+ 16. Qxd3 Bxf4 17. g3 Bxd2+ 18. Qxd2 Bb7 19. Rde1 d5 20. exd5 Nxd5 21. Rhg1 Rac8 22. Nxd5 Bxd5 23. Na1 Red8 24. Qf4 Qxf4+ 25. gxf4 Rd7 26. Rg3 Rdc7 27. Rge3 Kf8 28. Rd1 Rc4 0-1

[Event "Central Region-ch U16"]
[Site "Duitama"]
[Date "2012.05.11"]
[Round "4.4"]
[White "Rodriguez Velasco, German Enrique"]
[Black "Silva Suna, Juan Esteban"]
[Result "1-0"]
[WhiteElo "1976"]
[BlackElo "1797"]
[PlyCount "31"]
[EventDate "2012.05.10"]
[EventType "swiss"]
[EventRounds "7"]
[EventCountry "COL"]
[SourceTitle "EXT 2024"]
[Source "ChessBase"]
[SourceDate "2023.10.10"]
[SourceVersion "1"]
[SourceVersionDate "2023.10.10"]
[SourceQuality "1"]

1. e4 c5 2. Nf3 e6 3. d4 cxd4 4. Nxd4 a6 5. Nc3 Qc7 6. Bd3 Nf6 7. 0-0 b5 8. Be3 Bb7 9. f4 Bc5 10. e5 Nd5 11. Nxd5 Bxd5 12. c3 Nc6 13. Kh1 Nxd4 14. cxd4 Be7 15. Bf2 0-0 16. Rc1 1-0

[Event "Central Region-ch U16"]
[Site "Duitama"]
[Date "2012.05.10"]
[Round "2.7"]
[White "Gonzalez Lopez, Nicolas Mateo"]
[Black "Silva Suna, Juan Esteban"]
[Result "1-0"]
[WhiteElo "1757"]
[BlackElo "1797"]
[PlyCount "63"]
[EventDate "2012.05.10"]
[EventType "swiss"]
[EventRounds "7"]
[EventCountry "COL"]
[SourceTitle "EXT 2024"]
[Source "ChessBase"]
[SourceDate "2023.10.10"]
[SourceVersion "1"]
[SourceVersionDate "2023.10.10"]
[SourceQuality "1"]

1. e4 c5 2. Nf3 e6 3. d4 cxd4 4. Nxd4 a6 5. Be3 Qc7 6. Nd2 Nf6 7. f3 b5 8. Be2 Bb7 9. N2b3 Nc6 10. c3 Be7 11. Qd2 0-0 12. 0-0 d5 13. exd5 Nxd5 14. Nxc6 Bxc6 15. Bf2 Rfd8 16. Qc2 Bg5 17. Bd3 h6 18. Rfe1 Kh8 19. Nd4 Rac8 20. Rad1 Nf4 21. Nxc6 Qxc6 22. Be4 Qc7 23. Bg3 e5 24. Qf2 Be7 25. Bxf4 exf4 26. Qe2 Bc5+ 27. Kf1 Be3 28. Qc2 Rxd1 29. Rxd1 Qc4+ 30. Qd3 Qxa2 31. Qd8+ Rxd8 32. Rxd8# 1-0

[Event "Duitama Perla de Boyaca"]
[Site "Duitama"]
[Date "2012.02.20"]
[Round "2.2"]
[White "Corredor Sanchez, Fabian Ricardo"]
[Black "Silva Suna, Juan Esteban"]
[Result "0-1"]
[WhiteElo "1991"]
[BlackElo "1643"]
[PlyCount "62"]
[EventDate "2012.02.20"]
[EventType "tourn"]
[EventRounds "10"]
[EventCountry "COL"]
[SourceTitle "EXT 2024"]
[Source "ChessBase"]
[SourceDate "2023.10.10"]
[SourceVersion "1"]
[SourceVersionDate "2023.10.10"]
[SourceQuality "1"]

1. e4 e5 2. d4 exd4 3. Nf3 c5 4. Bc4 Nc6 5. 0-0 Be7 6. Nbd2 d6 7. c3 dxc3 8. bxc3 Nf6 9. Bb2 0-0 10. Qb3 Na5 11. Qc2 Nxc4 12. Nxc4 b5 13. Ne3 Bb7 14. Rad1 Bxe4 15. Qd2 Bxf3 16. gxf3 Qc7 17. c4 b4 18. a3 a5 19. axb4 cxb4 20. Rc1 Rfc8 21. Bd4 Rab8 22. Ra1 Ra8 23. Rac1 Rcb8 24. Nd5 Nxd5 25. cxd5 Qb7 26. Be3 a4 27. Rfd1 b3 28. Bd4 a3 29. Bc3 b2 30. Bxb2 axb2 31. Rb1 Bf6 0-1

[Event "Duitama Perla de Boyaca"]
[Site "Duitama"]
[Date "2012.02.20"]
[Round "1.3"]
[White "Silva Suna, Juan Esteban"]
[Black "Avellaneda, Jonathan"]
[Result "1/2-1/2"]
[WhiteElo "1643"]
[BlackElo "2011"]
[PlyCount "41"]
[EventDate "2012.02.20"]
[EventType "tourn"]
[EventRounds "10"]
[EventCountry "COL"]
[SourceTitle "EXT 2024"]
[Source "ChessBase"]
[SourceDate "2023.10.10"]
[SourceVersion "1"]
[SourceVersionDate "2023.10.10"]
[SourceQuality "1"]

1. c4 c5 2. Nc3 Nc6 3. g3 g6 4. Bg2 Bg7 5. d3 e6 6. Nf3 Nf6 7. 0-0 0-0 8. Bg5 d5 9. cxd5 exd5 10. Bxf6 Bxf6 11. e4 dxe4 12. dxe4 Qxd1 13. Rfxd1 Be6 14. Rd2 Rfd8 15. Rad1 Rxd2 16. Rxd2 Rd8 17. Rxd8+ Nxd8 18. Na4 c4 19. e5 Bg7 20. Nc5 Bc8 21. Ne4 1/2-1/2